Účtovanie a zdaňovanie finančného prenájmu bakalárska práca

Salvato in:
Dettagli Bibliografici
Autore principale: Karabová, Petra
Ente Autore: Národohospodárska fakulta EU. Katedra financií
Altri autori: Staríčková, Zuzana
Natura: Libro
Lingua:slovacco
Pubblicazione: Bratislava 2013
Tags: Aggiungi Tag
Nessun Tag, puoi essere il primo ad aggiungerne!!

MARC

LEADER 00000nbm a2200000 4500
001 0176160
005 20170209091302.6
041 0 |a slo 
044 |a SK 
245 1 0 |a Účtovanie a zdaňovanie finančného prenájmu  |b bakalárska práca  |c Petra Karabová ; školiteľ: Zuzana Staríčková 
264 1 |a Bratislava  |c 2013 
300 |a 47 s. 
100 1 |a Karabová, Petra 
700 1 |a Staríčková, Zuzana 
710 2 |a Národohospodárska fakulta EU. Katedra financií